000
002380000a22000970004500
100
1
_a
Pérez, Teresa
245
1
0
_a
Teaching children a deep respecto for nature
300
_a
Núm 8 (1985), Páginas 12-13
773
0
_t
Together
942
_c
ANA
999
_c
56969
_d
56969